| 000 | 00536nam a2200181Ia 4500 | ||
|---|---|---|---|
| 008 | 100917s9999 xx 000 0 und d | ||
| 082 | _b37002 | ||
| 100 | _aस्वामी माधवनाथ | ||
| 245 | _aसाधन - पाथेय | ||
| 260 |
_bसुषमाताई वाटवे _c1978 |
||
| 300 | _a72 | ||
| 365 | _b1.25 | ||
| 520 | _aअध्यात्म | ||
| 630 | _aसाधन - पाथेय | ||
| 650 | _aअध्यात्म | ||
| 730 | _aसाधन - पाथेय | ||
| 942 | _cBOOK | ||
| 999 |
_c642396 _d642393 |
||